[Event "2. Bundesliga Mitte 2004/2005"]
[Site "St. Valentin"]
[Date "2005.03.06"]
[Round "9.6"]
[White "KRANZL, Peter"]
[Black "SMOLE, Albert"]
[Result "1-0"]
[WhiteElo "2265"]
[BlackElo "2135"]
[PlyCount "103"]
[EventDate "2004.10.16"]

1. e4 e6 2. d4 d5 3. Nd2 c5 4. exd5 exd5 5. Ngf3 a6 6. c3 Nc6 7. dxc5 Bxc5 8.
Nb3 Bb6 9. h3 Qd6 10. Qe2+ Nge7 11. Be3 Bxe3 12. Qxe3 O-O 13. O-O-O b5 14. Bd3
Rd8 15. Rhe1 Rb8 16. Nfd4 Bd7 17. Kb1 Nxd4 18. Nxd4 Re8 19. Bc2 Nc6 20. Qd3 g6
21. Nxc6 Bxc6 22. Qd4 Re6 23. Rxe6 Qxe6 24. h4 h5 25. f3 Re8 26. Kc1 Qe7 27.
Bb3 Qe2 28. Qd2 Qxd2+ 29. Kxd2 a5 30. a3 Kg7 31. Kd3 Kf6 32. Rd2 Re1 33. Kd4
Rh1 34. Kc5 Be8 35. Bxd5 Rxh4 36. Kd6 b4 37. axb4 axb4 38. c4 b3 39. c5 Bb5 40.
c6 Rh2 41. c7 Ba6 42. Bxb3 h4 43. Bc4 Bc8 44. Re2 Rh1 45. Re8 Rd1+ 46. Kc5 Bf5
47. Rf8 Ke5 48. Rxf7 Bc8 49. Rf8 h3 50. gxh3 Bxh3 51. f4+ Ke4 52. f5 1-0

[Event "2. Bundesliga Mitte 2004/2005"]
[Site "St. Valentin"]
[Date "2005.03.06"]
[Round "9.6"]
[White "KUESS, Mario"]
[Black "STADLER, Peter"]
[Result "1/2-1/2"]
[WhiteElo "2156"]
[BlackElo "2183"]
[PlyCount "60"]
[EventDate "2004.10.16"]

1. f4 g6 2. Nf3 d6 3. e4 c5 4. Nc3 Bg7 5. d3 Nc6 6. Nd5 e6 7. Ne3 Nge7 8. c3
O-O 9. Be2 Rb8 10. O-O b5 11. Qe1 f5 12. Qh4 c4 13. exf5 cxd3 14. Bxd3 gxf5 15.
g4 Ng6 16. Qxd8 Rxd8 17. gxf5 Nxf4 18. Nd4 Nxd4 19. Rxf4 Nxf5 20. Nxf5 exf5 21.
Bxf5 Be5 22. Rg4+ Kf7 23. Bxc8 Rbxc8 24. Be3 Rg8 25. Rxg8 Rxg8+ 26. Kf2 a6 27.
Kf3 Ke6 28. Rd1 Rg7 29. Rd2 Rf7+ 30. Kg2 Rf5 1/2-1/2

[Event "2. Bundesliga Mitte (10)"]
[Site "?"]
[Date "2005.04.02"]
[Round "10.1"]
[White "Dervishi, Erald"]
[Black "Pavasovic, Dusko"]
[Result "1/2-1/2"]
[WhiteElo "2502"]
[BlackElo "2581"]
[PlyCount "42"]
[EventDate "2005.??.??"]
[SourceDate "2005.04.02"]

1. e4 e5 2. Nf3 Nf6 3. Nxe5 d6 4. Nf3 Nxe4 5. d4 d5 6. Bd3 Nc6 7. O-O Be7 8. c4
Nb4 9. Re1 Nxd3 10. Qxd3 c6 11. cxd5 cxd5 12. Qb5+ Qd7 13. Qb3 O-O 14. Nc3 Nxc3
15. bxc3 Rd8 16. Ba3 Bf6 17. Re3 Qc7 18. Qxd5 Be6 19. Qc5 Qxc5 20. Bxc5 b6 21.
Bb4 Rac8 1/2-1/2

[Event "2. Bundesliga Mitte (10)"]
[Site "?"]
[Date "2005.04.02"]
[Round "10.6"]
[White "Sternat, Roland"]
[Black "Weilharter, Thomas"]
[Result "1/2-1/2"]
[WhiteElo "2101"]
[BlackElo "1781"]
[PlyCount "38"]
[EventDate "2005.??.??"]
[SourceDate "2005.04.02"]

1. d4 d5 2. Nf3 Nf6 3. e3 e6 4. Bd3 c5 5. c3 Nc6 6. Nbd2 Bd6 7. O-O O-O 8. a3
Bd7 9. Bc2 Qc7 10. Re1 Rac8 11. Nb3 cxd4 12. exd4 h6 13. Qd3 Rb8 14. Nbd2 b5
15. Nf1 Rfc8 16. Ne3 a5 17. Qd1 b4 18. axb4 axb4 19. g3 bxc3 1/2-1/2

[Event "2. Bundesliga Mitte (10)"]
[Site "?"]
[Date "2005.04.02"]
[Round "10.2"]
[White "Hiermann, Dietmar"]
[Black "Markus, Robert"]
[Result "0-1"]
[WhiteElo "2270"]
[BlackElo "2555"]
[PlyCount "108"]
[EventDate "2005.??.??"]
[SourceDate "2005.04.02"]

1. e4 c5 2. Nc3 e6 3. Nf3 a6 4. d4 cxd4 5. Nxd4 Qc7 6. Be3 Bb4 7. Qd2 Nf6 8. f3
d5 9. exd5 Nxd5 10. Nde2 Nxe3 11. Qxe3 O-O 12. O-O-O Nd7 13. h4 Bc5 14. Qg5 Nf6
15. h5 h6 16. Qh4 b5 17. Kb1 Bb7 18. Nc1 b4 19. Ne4 Nxe4 20. fxe4 Rfd8 21.
Rxd8+ Rxd8 22. Bd3 Be7 23. Qh2 Bd6 24. Qh4 Bg3 25. Qg4 Be5 26. Qe2 a5 27. Nb3
a4 28. Nd2 a3 29. Nc4 Ba6 30. Ne3 Bxd3 31. cxd3 Bxb2 32. Nc4 Bc3 33. Rf1 Qd7
34. Rd1 Qb5 35. Rc1 Bf6 36. e5 Bg5 37. Rd1 b3 38. Rf1 Rb8 39. Qd1 bxa2+ 40.
Kxa2 Qd5 41. Qf3 Qb5 42. Qd1 f5 43. Qc2 Qd5 44. Rb1 Rxb1 45. Kxb1 Be7 46. Ka2
Kh7 47. Qe2 Qd4 48. Kb3 Qa1 49. Qc2 Bc5 50. g4 a2 51. Nd2 Be3 52. Ka3 Bxd2 53.
Qxd2 Qb1 54. Qxa2 Qxa2+ 0-1

[Event "2. Bundesliga Mitte (10)"]
[Site "?"]
[Date "2005.04.02"]
[Round "10.4"]
[White "Linhart, Wolfgang"]
[Black "Hatzl, Stefan"]
[Result "1/2-1/2"]
[WhiteElo "2262"]
[BlackElo "2208"]
[PlyCount "73"]
[EventDate "2005.??.??"]
[SourceDate "2005.04.02"]

1. d4 Nf6 2. Nf3 e6 3. Bf4 b6 4. e3 Bb7 5. Nbd2 Be7 6. h3 O-O 7. c3 d6 8. Be2
Nbd7 9. O-O Ne4 10. Nxe4 Bxe4 11. Nd2 Bb7 12. e4 c5 13. Bd3 e5 14. dxe5 Nxe5
15. Bxe5 dxe5 16. Qe2 Qc7 17. Rad1 Rad8 18. Nf3 g6 19. Bc4 Bf6 20. h4 Qe7 21.
g3 Rxd1 22. Rxd1 Rd8 23. Bd5 Bc8 24. c4 Bg4 25. Rd3 h6 26. Qd2 Kg7 27. Nh2 Bc8
28. Qd1 Qd7 29. Nf1 Be7 30. Ne3 Qh3 31. Qf3 Rf8 32. Ra3 Qd7 33. h5 Bg5 34. Nf1
a6 35. Nh2 Qh3 36. Rb3 Bd8 37. hxg6 1/2-1/2

[Event "2. Bundesliga Mitte (10)"]
[Site "?"]
[Date "2005.04.02"]
[Round "10.5"]
[White "Sandner, Wolfgang"]
[Black "Reschun, Sascha"]
[Result "1-0"]
[WhiteElo "2237"]
[BlackElo "2256"]
[PlyCount "78"]
[EventDate "2005.??.??"]
[SourceDate "2005.04.02"]

1. e4 e6 2. d3 d5 3. Nd2 f5 4. Qe2 Be7 5. g3 Nf6 6. Bg2 O-O 7. Nh3 Nc6 8. c3
fxe4 9. dxe4 d4 10. O-O d3 11. Qd1 e5 12. f3 Bc5+ 13. Kh1 a5 14. Nc4 b6 15. Be3
Ba6 16. Bxc5 bxc5 17. Qa4 Qd7 18. Ng5 Nd8 19. Qxd7 Nxd7 20. Nxa5 h6 21. Nh3 Rb8
22. b3 Rf6 23. Rfd1 Rd6 24. Rd2 c4 25. f4 Nf7 26. Nf2 Nb6 27. Nd1 g5 28. fxg5
Nxg5 29. h4 Ne6 30. Ne3 cxb3 31. axb3 Ng7 32. c4 Rg6 33. Kh2 Nh5 34. Nf5 Re8
35. Rxd3 Nf6 36. Bf3 h5 37. Nc6 Bxc4 38. bxc4 Kf8 39. c5 Nbd7 1-0

[Event "2. Bundesliga Mitte (10)"]
[Site "?"]
[Date "2005.04.02"]
[Round "10.3"]
[White "Jurkovic, Hrvoje"]
[Black "Baumgartner, Heinz"]
[Result "1-0"]
[WhiteElo "2448"]
[BlackElo "2337"]
[PlyCount "79"]
[EventDate "2005.??.??"]
[SourceDate "2005.04.02"]

1. e4 e5 2. Nf3 Nc6 3. Bc4 Nf6 4. d4 exd4 5. e5 d5 6. Bb5 Ne4 7. Nxd4 Bd7 8.
Bxc6 bxc6 9. O-O Bc5 10. f3 Ng5 11. f4 Ne4 12. Be3 Qe7 13. Nd2 Nxd2 14. Qxd2
O-O 15. Rae1 Rfb8 16. c3 Bxd4 17. Bxd4 Bf5 18. b4 a5 19. Bc5 Qe6 20. Re3 axb4
21. cxb4 d4 22. Qxd4 Rd8 23. Qc3 Rxa2 24. Ra1 h5 25. Rxa2 Qxa2 26. Bd4 Qd5 27.
e6 Bxe6 28. Bxg7 Qd1+ 29. Re1 Qg4 30. Bf6 Bd5 31. Qd2 Ra8 32. Bb2 Kh7 33. Qc2+
Qg6 34. f5 Qg4 35. h3 Qh4 36. f6+ Kh8 37. Qd2 Kg8 38. Re5 Ra2 39. Qh6 Qg3 40.
Re8# 1-0

[Event "2. Bundesliga Mitte (10)"]
[Site "?"]
[Date "2005.04.02"]
[Round "10.1"]
[White "Horvath, Csaba"]
[Black "Holzweber, Martin"]
[Result "1/2-1/2"]
[WhiteElo "2565"]
[BlackElo "2177"]
[PlyCount "45"]
[EventDate "2005.??.??"]
[SourceDate "2005.04.02"]

1. d4 d5 2. c4 c6 3. Nc3 Nf6 4. Nf3 e6 5. Qb3 dxc4 6. Qxc4 b5 7. Qd3 b4 8. Na4
Qa5 9. b3 Ba6 10. Qc2 Nbd7 11. Bd2 c5 12. dxc5 Nxc5 13. a3 Ncd7 14. Rc1 Be7 15.
Nd4 Bb7 16. Nc6 Bxc6 17. Qxc6 O-O 18. e3 Rfc8 19. Qxc8+ Rxc8 20. Rxc8+ Nf8 21.
Rc4 Qf5 22. axb4 Ne4 23. f3 1/2-1/2

[Event "2. Bundesliga Mitte (10)"]
[Site "?"]
[Date "2005.04.02"]
[Round "10.3"]
[White "Benda, Herbert"]
[Black "Ragger, Markus"]
[Result "1/2-1/2"]
[WhiteElo "2356"]
[BlackElo "2428"]
[PlyCount "79"]
[EventDate "2005.??.??"]
[SourceDate "2005.04.02"]

1. e4 e5 2. Nf3 Nc6 3. Bc4 Nf6 4. d4 exd4 5. O-O Nxe4 6. Re1 d5 7. Bxd5 Qxd5 8.
Nc3 Qa5 9. Nxe4 Be6 10. Neg5 O-O-O 11. Nxe6 fxe6 12. Rxe6 h6 13. Qe2 g5 14. Bd2
Bb4 15. Rxc6 bxc6 16. Qe6+ Kb7 17. Qb3 c5 18. c3 dxc3 19. bxc3 Qa3 20. cxb4
Qxb3 21. axb3 g4 22. Bc3 gxf3 23. Bxh8 Rxh8 24. bxc5 Rg8 25. g3 Kc6 26. h4 Rd8
27. Rxa7 Rd1+ 28. Kh2 Rd2 29. g4 Rxf2+ 30. Kg3 Rf1 31. Ra6+ Kxc5 32. Rxh6 Kd4
33. g5 c5 34. Rf6 Ke3 35. Re6+ Kd4 36. g6 f2 37. Kg2 Rh1 38. Kxf2 Rxh4 39. Re1
Rf4+ 40. Ke2 1/2-1/2

[Event "2. Bundesliga Mitte (10)"]
[Site "?"]
[Date "2005.04.02"]
[Round "10.6"]
[White "Eichert, Wolfgang"]
[Black "Dietmayer-Kräutler, Marco"]
[Result "0-1"]
[WhiteElo "2143"]
[BlackElo "2246"]
[PlyCount "62"]
[EventDate "2005.??.??"]
[SourceDate "2005.04.02"]

1. e4 d5 2. exd5 Qxd5 3. Nc3 Qa5 4. d4 Nf6 5. Nf3 Bf5 6. Bc4 e6 7. Bd2 Bb4 8.
Qe2 O-O 9. O-O-O Nc6 10. a3 Bxc3 11. Bxc3 Qb6 12. Ne5 Rfd8 13. Nxc6 Qxc6 14. f3
Nd5 15. Bxd5 Rxd5 16. g4 Bg6 17. f4 a5 18. h4 h5 19. f5 Bh7 20. Rhg1 Qd6 21.
Qg2 Qf4+ 22. Bd2 Qxg4 23. Qh2 Qxf5 24. Bh6 Bg6 25. Rdf1 Qe4 26. Qxc7 Qxd4 27.
Rxg6 fxg6 28. Qxb7 Rad8 29. Kb1 gxh6 30. Qf7+ Kh8 31. Qxg6 Qg7 0-1

[Event "2. Bundesliga Mitte (10)"]
[Site "?"]
[Date "2005.04.02"]
[Round "10.1"]
[White "Zaja, Ivan"]
[Black "Steflitsch, Erich"]
[Result "1-0"]
[WhiteElo "2459"]
[BlackElo "2367"]
[PlyCount "45"]
[EventDate "2005.??.??"]
[SourceDate "2005.04.02"]

1. d4 d5 2. Nf3 Nf6 3. Bg5 Ne4 4. Bf4 c5 5. e3 Qb6 6. Nc3 Nxc3 7. bxc3 cxd4 8.
Bxb8 Rxb8 9. Rb1 Qc7 10. Bb5+ Kd8 11. Qxd4 e6 12. O-O a6 13. Be2 Ke8 14. c4
dxc4 15. Bxc4 b5 16. Rfd1 Bb7 17. Be2 f6 18. a4 e5 19. Qg4 Bc8 20. Qh5+ g6 21.
Qh4 Qc6 22. axb5 axb5 23. Rxb5 1-0

[Event "2. Bundesliga Mitte (10)"]
[Site "?"]
[Date "2005.04.02"]
[Round "10.2"]
[White "Kirschner, Alexander"]
[Black "Lazarev, Vladimir"]
[Result "1/2-1/2"]
[WhiteElo "2216"]
[BlackElo "2516"]
[PlyCount "59"]
[EventDate "2005.??.??"]
[SourceDate "2005.04.02"]

1. c4 c5 2. Nc3 Nc6 3. g3 g6 4. Bg2 Bg7 5. Nf3 d6 6. O-O e5 7. a3 Nge7 8. Rb1
O-O 9. d3 Rb8 10. b4 b6 11. Bd2 h6 12. Ne1 f5 13. Nd5 Bd7 14. Nc2 Nxd5 15. cxd5
Ne7 16. Ne3 Be8 17. Nc4 Bf7 18. e4 fxe4 19. dxe4 b5 20. Ne3 c4 21. Qe2 Be8 22.
Bh3 Bd7 23. Bxd7 Qxd7 24. f3 Rf7 25. Nd1 Kh7 26. Nc3 Ng8 27. a4 a6 28. axb5
axb5 29. Ra1 Nf6 30. Be3 1/2-1/2

[Event "2. Bundesliga Mitte (10)"]
[Site "?"]
[Date "2005.04.02"]
[Round "10.5"]
[White "Petschar, Kurt"]
[Black "Oberngruber, Thomas"]
[Result "1/2-1/2"]
[WhiteElo "2271"]
[BlackElo "2150"]
[PlyCount "47"]
[EventDate "2005.??.??"]
[SourceDate "2005.04.02"]

1. e4 e5 2. Nf3 Nc6 3. Bb5 a6 4. Ba4 Nf6 5. O-O d6 6. Re1 Be7 7. c3 b5 8. Bc2
Bg4 9. d3 O-O 10. Nbd2 Re8 11. h3 Bh5 12. Nf1 Na5 13. Ng3 Bg6 14. Nh4 Nd7 15.
Nf3 c5 16. Nf5 Bxf5 17. exf5 Bf6 18. g4 h6 19. Kg2 d5 20. h4 Bxh4 21. Nxh4 Qxh4
22. Rh1 Qf6 23. Qf3 Qc6 24. g5 1/2-1/2

[Event "2. Bundesliga Mitte (10)"]
[Site "?"]
[Date "2005.04.02"]
[Round "10.5"]
[White "Wagner, Stefan"]
[Black "Testor, Sebastian"]
[Result "0-1"]
[WhiteElo "2174"]
[BlackElo "2182"]
[PlyCount "74"]
[EventDate "2005.??.??"]
[SourceDate "2005.04.02"]

1. c4 c5 2. Nc3 Nf6 3. g3 e6 4. Bg2 d5 5. cxd5 exd5 6. d4 cxd4 7. Qxd4 Nc6 8.
Qd1 d4 9. Ne4 Nxe4 10. Bxe4 Bb4+ 11. Bd2 Qe7 12. Bxc6+ bxc6 13. Bxb4 Qxb4+ 14.
Qd2 Qb6 15. Nf3 c5 16. O-O O-O 17. Rac1 Ba6 18. Ne5 Rfe8 19. Nd3 c4 20. Nb4
Rad8 21. Rfe1 h6 22. Nxa6 Qxa6 23. a3 d3 24. exd3 Rxe1+ 25. Rxe1 cxd3 26. Rd1
Qd6 27. Qb4 Qd5 28. Qd2 a5 29. h4 Rd6 30. Kh2 Qf3 31. Re1 Re6 32. Rd1 Re2 33.
Qxd3 Qxf2+ 34. Kh3 h5 35. Qd8+ Kh7 36. Qd3+ g6 37. Rg1 Qh2# 0-1

[Event "2. Bundesliga Mitte (10)"]
[Site "?"]
[Date "2005.04.02"]
[Round "10.6"]
[White "Marwan, David"]
[Black "Titz, Heimo"]
[Result "1/2-1/2"]
[WhiteElo "2154"]
[BlackElo "2191"]
[PlyCount "77"]
[EventDate "2005.??.??"]
[SourceDate "2005.04.02"]

1. d4 Nf6 2. c4 e6 3. Nc3 Bb4 4. Qc2 O-O 5. e3 c5 6. Nf3 Nc6 7. Bd3 d5 8. cxd5
exd5 9. O-O Re8 10. a3 Bxc3 11. Qxc3 Ne4 12. Qc2 c4 13. Bxe4 Rxe4 14. Ne1 g6
15. f3 Re8 16. Qf2 f5 17. f4 Be6 18. Bd2 b5 19. Nf3 a5 20. Ne5 Nxe5 21. fxe5
Qe7 22. Rfc1 b4 23. axb4 axb4 24. Qe1 b3 25. Rxa8 Rxa8 26. Ra1 Ra2 27. Bc3 Qg5
28. Rd1 Qg4 29. Qf1 Kg7 30. Qf3 h5 31. Qxg4 hxg4 32. g3 g5 33. Rf1 Kg6 34. Kg2
Ra7 35. Kg1 Rh7 36. Rf2 Ra7 37. Rf1 Ra6 38. Kg2 Ra7 39. Kg1 1/2-1/2

[Event "2. Bundesliga Mitte (10)"]
[Site "?"]
[Date "2005.04.02"]
[Round "10.6"]
[White "Lautner, Josef"]
[Black "Hatzl, Johannes"]
[Result "1-0"]
[WhiteElo "2223"]
[BlackElo "2078"]
[PlyCount "80"]
[EventDate "2005.??.??"]
[SourceDate "2005.04.02"]

1. d4 d5 2. Nf3 c6 3. c4 Nf6 4. Qc2 dxc4 5. Qxc4 b5 6. Qc2 e6 7. e4 Bb7 8. Bg5
Be7 9. Nc3 a6 10. Rd1 O-O 11. Bxf6 Bxf6 12. e5 Be7 13. Qe4 Ra7 14. Bd3 g6 15.
Qg4 Nd7 16. h4 c5 17. h5 Kg7 18. Qf4 g5 19. h6+ Kh8 20. Qg3 cxd4 21. Ne4 Rg8
22. O-O g4 23. Nxd4 Qc7 24. Nd6 Bxd6 25. exd6 Qb6 26. Bb1 Bd5 27. Rfe1 Qd8 28.
Nf5 Qf6 29. Ne7 Qxh6 30. Nxg8 Kxg8 31. Qxg4+ Qg7 32. Qh3 Nf6 33. Rc1 Ra8 34.
Rc3 Nh5 35. Rec1 Bb7 36. d7 Rd8 37. Rc8 Qg5 38. Rxd8+ Kg7 39. Rdc8 Nf4 40.
Qxh7+ Kf6 1-0

[Event "2. Bundesliga Mitte (10)"]
[Site "?"]
[Date "2005.04.02"]
[Round "10.3"]
[White "Arwanitakis, Michael"]
[Black "Taggatz, Mario"]
[Result "0-1"]
[WhiteElo "2272"]
[BlackElo "2225"]
[PlyCount "74"]
[EventDate "2005.??.??"]
[SourceDate "2005.04.02"]

1. e4 d6 2. d4 Nf6 3. Nc3 g6 4. h3 Bg7 5. Be3 c6 6. a4 O-O 7. Nf3 d5 8. e5 Ne4
9. Nxe4 dxe4 10. Ng5 c5 11. c3 cxd4 12. cxd4 Qa5+ 13. Qd2 Qxd2+ 14. Kxd2 Nc6
15. Bc4 Bf5 16. g4 Bd7 17. a5 h6 18. Nxe4 Rfd8 19. Nc5 Be8 20. Kc3 Rab8 21.
Rhd1 b6 22. axb6 axb6 23. Nd3 b5 24. Bb3 b4+ 25. Kd2 Nxd4 26. Bxd4 Rxd4 27. Ke3
Rbd8 28. f4 g5 29. e6 gxf4+ 30. Nxf4 Rxd1 31. Rxd1 Rxd1 32. Bxd1 Bxb2 33. Nd5
Ba3 34. Nxe7+ Kf8 35. Nf5 fxe6 36. Nd4 Ke7 37. Bb3 Bf7 {
Weiss ueberschritt die Bedenkzeit daher...} 0-1

[Event "2. Bundesliga Mitte (10)"]
[Site "?"]
[Date "2005.04.02"]
[Round "10.1"]
[White "Rogic, Davor"]
[Black "Uhlmann, Wolfgang"]
[Result "1/2-1/2"]
[WhiteElo "2482"]
[BlackElo "2406"]
[PlyCount "108"]
[EventDate "2005.??.??"]
[SourceDate "2005.04.02"]

1. e4 e6 2. d4 d5 3. Nd2 c5 4. exd5 exd5 5. Ngf3 Nc6 6. Bb5 Bd6 7. dxc5 Bxc5 8.
O-O Nge7 9. Nb3 Bd6 10. Bg5 O-O 11. Bh4 Bg4 12. Bd3 h6 13. Bg3 Bxg3 14. hxg3
Qb6 15. Qd2 Bxf3 16. gxf3 Ne5 17. Be2 Nc4 18. Qd4 Nc6 19. Qxd5 Nxb2 20. a4 Rfe8
21. Bb5 a6 22. Bxc6 Qxc6 23. Qxc6 bxc6 24. Na5 Re5 25. Nxc6 Rc5 26. Nb4 Rc4 27.
Nd5 Rd8 28. Ne3 Rxa4 29. Rfb1 Rc8 30. Rxa4 Nxa4 31. Rb7 g6 32. Ra7 Rc6 33. Ng4
g5 34. Ne5 Rf6 35. Kg2 Nc5 36. Rc7 Ne6 37. Ra7 Kg7 38. Ng4 Rg6 39. c4 Nd4 40.
c5 h5 41. Ne5 Rf6 42. Nc4 Rc6 43. Nd6 Rxc5 44. Nxf7 Nb5 45. Nxg5+ Nxa7 46. Ne6+
Kg6 47. Nxc5 a5 48. Kf1 Nc6 49. Ke2 Kf5 50. Ke3 Ne5 51. Nd3 Ng6 52. Nb2 h4 53.
f4 Kg4 54. gxh4 Nxf4 1/2-1/2

[Event "2. Bundesliga Mitte (10)"]
[Site "?"]
[Date "2005.04.02"]
[Round "10.5"]
[White "Mitter, Gerd"]
[Black "Töfferl, Heimo"]
[Result "1-0"]
[WhiteElo "2174"]
[BlackElo "2161"]
[PlyCount "97"]
[EventDate "2005.??.??"]
[SourceDate "2005.04.02"]

1. Nf3 d5 2. c4 c6 3. g3 Bf5 4. Bg2 e6 5. O-O Bd6 6. d4 Nd7 7. Nc3 Ne7 8. b3
O-O 9. Bb2 Qe8 10. Re1 Rd8 11. e4 dxe4 12. Nxe4 Bxe4 13. Rxe4 Ng6 14. Qc2 Nf6
15. Re2 Qe7 16. Rd1 Qd7 17. a3 Rfe8 18. Bh3 Qc7 19. Ng5 Nf8 20. Nf3 Ng6 21. a4
Qa5 22. Bg2 Re7 23. d5 cxd5 24. Bxf6 gxf6 25. cxd5 exd5 26. Rxe7 Nxe7 27. Qb2
Kg7 28. Rd4 Be5 29. Rg4+ Ng6 30. Nxe5 Qe1+ 31. Bf1 fxe5 32. Qc2 Qa5 33. h4 h5
34. Rg5 Rh8 35. Qf5 Qc7 36. Rxh5 Rxh5 37. Qxh5 Qc8 38. Kh2 Qc2 39. Kg1 Qxb3 40.
Qg4 Kf8 41. Qc8+ Kg7 42. h5 Ne7 43. h6+ Kf6 44. Qh8+ Kf5 45. Qf8 Ke6 46. Bh3+
f5 47. h7 Qb1+ 48. Kh2 Ng6 49. Qg7 1-0

[Event "2. Bundesliga Mitte (10)"]
[Site "?"]
[Date "2005.04.02"]
[Round "10.1"]
[White "Shengelia, David"]
[Black "Hellmayr, Alois"]
[Result "1-0"]
[WhiteElo "2482"]
[BlackElo "2324"]
[PlyCount "115"]
[EventDate "2005.??.??"]
[SourceDate "2005.04.02"]

1. e4 c5 2. b3 b6 3. Nc3 Bb7 4. g3 g6 5. Bg2 Bg7 6. Nge2 Nc6 7. O-O e6 8. Bb2
Nge7 9. Qc1 O-O 10. Nb5 d6 11. Bxg7 Kxg7 12. Qb2+ e5 13. f4 Qd7 14. c3 Ba6 15.
a4 Na5 16. c4 f6 17. Nbc3 Rae8 18. d3 Nac6 19. Nd5 Bb7 20. h4 Nxd5 21. exd5 Nd4
22. Rae1 Qg4 23. Nxd4 exd4 24. Qf2 Bc8 25. Bf3 Qd7 26. Re6 Qd8 27. f5 gxf5 28.
Rfe1 Bxe6 29. dxe6 Qe7 30. Bc6 Rb8 31. Qxf5 Rg8 32. Kh2 Kh8 33. Bf3 a6 34. Kh3
Rg7 35. Re4 Rbg8 36. g4 Re8 37. Re2 Rgg8 38. Bc6 Rc8 39. Bd5 Rb8 40. Rf2 Rgf8
41. Qe4 Kg7 42. Rf5 Kh8 43. Rh5 Rg8 44. Qf5 Rg7 45. Rh6 Rf8 46. Be4 Kg8 47. Bf3
Kh8 48. Bd5 Kg8 49. Rxf6 Rxf6 50. Qxf6 Kh8 51. g5 Qe8 52. Kg4 h5+ 53. Kf5 b5
54. axb5 axb5 55. cxb5 Qg8 56. b6 Qh7+ 57. g6 Qg8 58. b7 1-0

[Event "2. Bundesliga Mitte (10)"]
[Site "?"]
[Date "2005.04.02"]
[Round "10.4"]
[White "Rolletschek, Heinrich"]
[Black "Hebesberger, Thomas"]
[Result "0-1"]
[WhiteElo "2313"]
[BlackElo "2346"]
[PlyCount "102"]
[EventDate "2005.??.??"]
[SourceDate "2005.04.02"]

1. e4 c5 2. g3 e6 3. Bg2 d5 4. d3 Nc6 5. Nd2 Nf6 6. Ngf3 Be7 7. O-O O-O 8. Re1
dxe4 9. dxe4 b6 10. e5 Nd5 11. Qe2 Ndb4 12. Nc4 Ba6 13. a3 Nd5 14. Qe4 Qc7 15.
Bg5 Bxc4 16. Bxe7 Ndxe7 17. Qxc4 Rad8 18. Qe4 h6 19. h4 Rd5 20. Bf1 Nd4 21. Nh2
Ng6 22. f4 Nf5 23. Qg2 Rfd8 24. Bd3 Nfxh4 25. gxh4 Nxf4 26. Qg3 Nxd3 27. cxd3
Rxd3 28. Re3 c4 29. Rae1 Qc5 30. Ng4 Rxe3 31. Qxe3 Rd4 32. Nf2 Qd5 33. h5 Qd8
34. Qg3 Rd2 35. Re4 Rd4 36. Rg4 Rxg4 37. Qxg4 Qd2 38. Qxc4 Qxb2 39. Ng4 Qxa3
40. Qc8+ Qf8 41. Qb7 Qc5+ 42. Kh2 Qc2+ 43. Kg3 Qc3+ 44. Kh4 Qe1+ 45. Kh3 Qf1+
46. Kh4 Kh7 47. Qxa7 Qh1+ 48. Kg3 Qxh5 49. Qxb6 Qg6 50. Kh3 Qf5 51. Kh4 g5+ 0-1

[Event "2. Bundesliga Mitte (10)"]
[Site "?"]
[Date "2005.04.02"]
[Round "10.6"]
[White "Wöber, Friedrich"]
[Black "Kuess, Mario"]
[Result "0-1"]
[WhiteElo "2214"]
[BlackElo "2151"]
[PlyCount "92"]
[EventDate "2005.??.??"]
[SourceDate "2005.04.02"]

1. e4 d5 2. exd5 Nf6 3. d4 Nxd5 4. c4 Nb6 5. Nf3 g6 6. Bd2 Bg7 7. Bc3 c6 8. Be2
Bg4 9. b3 O-O 10. O-O N8d7 11. a4 Nf6 12. Ne5 Bf5 13. Nd2 Nbd7 14. Bd3 Nxe5 15.
Bxf5 Nxc4 16. bxc4 gxf5 17. Rb1 b6 18. Qf3 Qd7 19. Rfe1 e6 20. Qg3 Rfd8 21. Qg5
h6 22. Qh4 Kh7 23. d5 Ne8 24. Bxg7 Nxg7 25. Rb3 cxd5 26. Rh3 h5 27. Qg5 dxc4
28. Rxh5+ Nxh5 29. Qxh5+ Kg7 30. Qg5+ Kf8 31. Qh6+ Ke8 32. Qh8+ Ke7 33. Qh4+ f6
34. Qh7+ Kd6 35. Nxc4+ Kc5 36. Qh3 Qd3 37. Ne3 Qd2 38. Rb1 Kc6 39. Qf3+ Kc7 40.
Rd1 Qb2 41. Qg3+ Kb7 42. Qg7+ Ka6 43. Rxd8 Rxd8 44. h4 f4 45. Ng4 Rd1+ 46. Kh2
Qb1 0-1

[Event "2. Bundesliga Mitte (10)"]
[Site "?"]
[Date "2005.04.02"]
[Round "10.2"]
[White "Buhmann, Rainer"]
[Black "Horvath, Peter"]
[Result "1-0"]
[WhiteElo "2521"]
[BlackElo "2477"]
[PlyCount "81"]
[EventDate "2005.??.??"]
[SourceDate "2005.04.02"]

1. Nf3 d5 2. d4 e6 3. c4 c5 4. cxd5 exd5 5. g3 Nc6 6. Bg2 Nf6 7. O-O Be7 8. Nc3
O-O 9. Bg5 cxd4 10. Nxd4 h6 11. Be3 Bg4 12. Qa4 Ne5 13. Bf4 Nc4 14. Qb5 g5 15.
Be3 a6 16. Qb3 b5 17. Nc6 Qd7 18. Nxe7+ Qxe7 19. Bd4 Rad8 20. Rad1 Ne4 21. Rfe1
Bf5 22. Nxe4 Bxe4 23. Bh3 h5 24. Qc3 b4 25. Qc1 f6 26. b3 Nd6 27. Qc5 Qb7 28.
Qb6 g4 29. Qxb7 Nxb7 30. Bf1 Rc8 31. Rc1 Kf7 32. f3 Bc2 33. e4 Nd6 34. Bxa6 Ra8
35. Rxc2 Rxa6 36. exd5 gxf3 37. Re6 Kg6 38. Kf2 Kf5 39. Kxf3 Nb5 40. Re4 Rd8
41. Be3 1-0

[Event "2. Bundesliga Mitte (10)"]
[Site "?"]
[Date "2005.04.02"]
[Round "10.4"]
[White "Tratar, Marko"]
[Black "Bachler, Reinhard"]
[Result "1/2-1/2"]
[WhiteElo "2473"]
[BlackElo "2237"]
[PlyCount "98"]
[EventDate "2005.??.??"]
[SourceDate "2005.04.02"]

1. Nf3 f5 2. g3 b6 3. Bg2 Bb7 4. O-O Nf6 5. c4 e6 6. Nc3 Bb4 7. Qc2 O-O 8. a3
Bxc3 9. Qxc3 d6 10. d4 Be4 11. b3 Nbd7 12. Bb2 Qe8 13. Rae1 Qh5 14. Nd2 Bxg2
15. Kxg2 e5 16. dxe5 Nxe5 17. f4 Ned7 18. b4 Qg6 19. e4 fxe4 20. f5 Qh5 21.
Nxe4 Ne5 22. h3 Qf7 23. Nd2 a5 24. Qc2 Nfd7 25. b5 Rae8 26. g4 h6 27. Rf2 Rc8
28. Rfe2 c6 29. bxc6 Rxc6 30. Qe4 Nf6 31. Qe3 Nfd7 32. Qg3 Nxc4 33. Nxc4 Qd5+
34. Qf3 Qxf3+ 35. Kxf3 Rxc4 36. Rd1 Ne5+ 37. Bxe5 dxe5 38. Rxe5 Rc3+ 39. Re3
Rfc8 40. Rdd3 Rxd3 41. Rxd3 b5 42. Ke4 Re8+ 43. Kf4 Rb8 44. Ke5 b4 45. axb4
axb4 46. Rb3 Kf7 47. h4 Rb5+ 48. Kf4 Ke7 49. g5 Kf7 1/2-1/2

[Event "2. Bundesliga Mitte (10)"]
[Site "?"]
[Date "2005.04.02"]
[Round "10.3"]
[White "Gyorkos, Lajos"]
[Black "Niederwieser, Peter"]
[Result "1-0"]
[WhiteElo "2423"]
[BlackElo "2186"]
[PlyCount "85"]
[EventDate "2005.??.??"]
[SourceDate "2005.04.02"]

1. Nf3 d5 2. g3 c6 3. Bg2 Bg4 4. O-O Nd7 5. d3 e5 6. c4 Ngf6 7. cxd5 Nxd5 8.
Nc3 N5f6 9. Rb1 Be7 10. b4 a6 11. a4 Nd5 12. Na2 O-O 13. Qc2 Re8 14. Bd2 Rc8
15. Rfc1 f6 16. Nc3 Be6 17. Ne4 c5 18. bxc5 Nxc5 19. Qd1 b6 20. Be1 Qd7 21.
Nxc5 bxc5 22. Nd2 Rb8 23. Nc4 Nb4 24. Na5 Bd5 25. Bxd5+ Nxd5 26. Qc2 Bf8 27.
Qc4 Qe6 28. Nb7 Nc7 29. Rb6 Qxc4 30. dxc4 Re6 31. Rbb1 Ree8 32. e3 Ne6 33. Rb6
Nd8 34. Rcb1 Re6 35. Rxe6 Nxe6 36. Rb3 Bd6 37. f4 f5 38. Rb6 Bc7 39. Rxe6 Rxb7
40. Rxa6 Rb1 41. Kf2 Rb2+ 42. Kf1 exf4 43. exf4 1-0

[Event "2. Bundesliga Mitte (10)"]
[Site "?"]
[Date "2005.04.02"]
[Round "10.4"]
[White "Rockenschaub, Manfred"]
[Black "Genser, Harald"]
[Result "0-1"]
[WhiteElo "2212"]
[BlackElo "2298"]
[PlyCount "82"]
[EventDate "2005.??.??"]
[SourceDate "2005.04.02"]

1. Nf3 d5 2. c4 e6 3. g3 dxc4 4. Qa4+ c6 5. Qxc4 b5 6. Qc2 Bb7 7. Bg2 Nd7 8.
O-O Rc8 9. a4 Ngf6 10. d3 a6 11. Nc3 Be7 12. Bg5 h6 13. Bxf6 Nxf6 14. Nd2 Qb6
15. Rfc1 O-O 16. Qb3 Nd7 17. axb5 cxb5 18. Nc4 Qc7 19. Na5 Bxg2 20. Kxg2 Qb6
21. Qd1 Rc7 22. Nb3 Rfc8 23. e3 Ne5 24. f4 Nc6 25. Qf3 Nb4 26. e4 Nc6 27. Ne2
a5 28. e5 Bb4 29. Qe4 a4 30. Nbd4 Nxd4 31. Rxc7 Rxc7 32. Nxd4 Bf8 33. g4 Qa5
34. Rf1 Qb4 35. f5 Rd7 36. Rf4 Qxb2+ 37. Kh3 Rxd4 38. Qxd4 Qxd4 39. Rxd4 a3 40.
Rd8 b4 41. d4 a2 0-1